Jaagratha samithi roopikaranavum pravarthanavum : Mulankunnathukavu gramapanchayathinte anubhavavum paadangalum (Record no. 44049)

MARC details
000 -LEADER
fixed length control field 00385nam a2200121Ia 4500
082 ## - DEWEY DECIMAL CLASSIFICATION NUMBER
Classification number 338.2
Item number THA
100 ## - MAIN ENTRY--AUTHOR NAME
Personal name Mohanakumar, S
245 #0 - TITLE STATEMENT
Title Jaagratha samithi roopikaranavum pravarthanavum : Mulankunnathukavu gramapanchayathinte anubhavavum paadangalum
260 ## - PUBLICATION, DISTRIBUTION, ETC. (IMPRINT)
Place of publication Thrissur
Name of publisher KILA
Year of publication 2002
700 ## - ADDED ENTRY--PERSONAL NAME
Personal name Thampi, Binitha V
942 ## - ADDED ENTRY ELEMENTS (KOHA)
Koha item type Books
Holdings
Withdrawn status Lost status Damaged status Not for loan Home library Current library Date acquired Source of acquisition Full call number Accession Number Koha item type
        RRII Library RRII Library 16/12/2021 Gift 338.2 THA G00797 Books